000 01135nam a2200277 a 4500
001 BRCA_2540
005 20190320203845.0
008 261108s1863----sp-a---###---#000-0#spa-u
041 _aspa
044 _asp
084 _a156
_b.M37
_c1863
100 1 _aCervantes Saavedra, Miguel de
_d1547-1616
_9213
245 1 0 _aEl Ingenioso Hidalgo Don Quijote de la Mancha
_ccompuesto por Miguel de Cervantes Saavedra.
260 _aBarcelona
_bSociedad editorial, La Maravilla
_c1863
300 _aiv, 693 p.
_bil.
_c26 cm.
500 _aContenido : Primera parte. Dedicatoria del autor. Prólogo del autor. Versos preliminares. Texto. Segunda parte. Dedicatoria del autor. Prólogo del autor. Texto
500 _aEdición enteramente igual al LO-155. Rústica Lúdovik Osterc
500 _aQM141
650 1 4 _aNovela española
_yÉpoca clásica, 1500-1700
_9215
650 1 4 _aLiteratura española
_yÉpoca clásica, 1500-1700
_9216
650 1 4 _aNovela española
_ySiglo XVII
_9217
650 1 4 _aDon Quijote (Personaje ficticio)
_eNovela
_9218
740 0 _aEl Ingenioso Hidalgo Don Quijote de la Mancha
902 _aQFM
942 _2lcc
_cB
999 _c2281
_d2281